00778nam a22002417a 450000500170000001000130001702000100003003500130004003700160005304000120006908200150008110000300009624500770012626000280020327000330023130000270026450000210029165000300031265000290034294200240037199900190039595201220041420170124110031.0 aA-042302 c00.00 aA-042302 bCen Lib/Ret aDPLbEN a551.7bSIM aSimak, Clifford D.921647 aTrilobite, dinosaur and man :cby Clifford D. Simakbthe earth's story / aLondonbMacmillanc1966 bLondonaLittle Essex Street a306p.:c20cm(Hb)bill. aIncludes index  aGeology--trilobite921648 aGeology--dinosaur921649 2ddccENh551.7mSIM c127825d127825 00104070aLbLd2015-06-30eCen Lib/Retg0.00l0o551.7 SIMpA-042302r2015-06-30 00:00:00t1v0.00w2015-06-30yEN